<?xml version="1.0" encoding="UTF-8"?>
<record
    xmlns:xsi="http://www.w3.org/2001/XMLSchema-instance"
    xsi:schemaLocation="http://www.loc.gov/MARC21/slim http://www.loc.gov/standards/marcxml/schema/MARC21slim.xsd"
    xmlns="http://www.loc.gov/MARC21/slim">

  <leader>00548    a2200217   4500</leader>
  <controlfield tag="001">152020</controlfield>
  <controlfield tag="003">OSt</controlfield>
  <controlfield tag="005">20211214162024.0</controlfield>
  <controlfield tag="008">                                        </controlfield>
  <datafield tag="020" ind1=" " ind2=" ">
    <subfield code="a">9788121904605</subfield>
  </datafield>
  <datafield tag="082" ind1=" " ind2=" ">
    <subfield code="a">580.78</subfield>
    <subfield code="b">P19M</subfield>
  </datafield>
  <datafield tag="100" ind1="1" ind2=" ">
    <subfield code="a">Pandey, B. P.</subfield>
  </datafield>
  <datafield tag="245" ind1="1" ind2=" ">
    <subfield code="a">Modern practical botany</subfield>
    <subfield code="c">by B. P. Pandey</subfield>
  </datafield>
  <datafield tag="260" ind1=" " ind2=" ">
    <subfield code="a">New Delhi</subfield>
    <subfield code="b">S. Chand</subfield>
    <subfield code="c">2014</subfield>
  </datafield>
  <datafield tag="300" ind1=" " ind2=" ">
    <subfield code="a">3v (v.1: 512; v.2 515; v.3 326p.)</subfield>
  </datafield>
  <datafield tag="653" ind1=" " ind2=" ">
    <subfield code="a">Biotechnology</subfield>
  </datafield>
  <datafield tag="653" ind1=" " ind2=" ">
    <subfield code="a">Botany</subfield>
  </datafield>
  <datafield tag="653" ind1=" " ind2=" ">
    <subfield code="a">Botany, Medical</subfield>
  </datafield>
  <datafield tag="653" ind1=" " ind2=" ">
    <subfield code="a">Microbiology</subfield>
  </datafield>
  <datafield tag="942" ind1=" " ind2=" ">
    <subfield code="2">ddc</subfield>
    <subfield code="c">BK</subfield>
  </datafield>
  <datafield tag="999" ind1=" " ind2=" ">
    <subfield code="c">14864</subfield>
    <subfield code="d">14864</subfield>
  </datafield>
  <datafield tag="952" ind1=" " ind2=" ">
    <subfield code="0">0</subfield>
    <subfield code="1">0</subfield>
    <subfield code="4">0</subfield>
    <subfield code="7">0</subfield>
    <subfield code="8">TXB</subfield>
    <subfield code="a">CURAJ</subfield>
    <subfield code="b">CURAJ</subfield>
    <subfield code="d">2015-09-11</subfield>
    <subfield code="e">BTH</subfield>
    <subfield code="g">0.00</subfield>
    <subfield code="o">580.78 P19M</subfield>
    <subfield code="p">22867</subfield>
    <subfield code="r">2024-11-21</subfield>
    <subfield code="w">2020-09-02</subfield>
    <subfield code="y">BK</subfield>
  </datafield>
  <datafield tag="952" ind1=" " ind2=" ">
    <subfield code="0">0</subfield>
    <subfield code="1">0</subfield>
    <subfield code="4">0</subfield>
    <subfield code="5">1</subfield>
    <subfield code="7">1</subfield>
    <subfield code="8">RTB</subfield>
    <subfield code="a">CURAJ</subfield>
    <subfield code="b">CURAJ</subfield>
    <subfield code="d">2015-09-11</subfield>
    <subfield code="e">BTH</subfield>
    <subfield code="g">0.00</subfield>
    <subfield code="o">580.78 P19M</subfield>
    <subfield code="p">22866</subfield>
    <subfield code="r">2024-11-21</subfield>
    <subfield code="w">2020-09-02</subfield>
    <subfield code="y">BK</subfield>
  </datafield>
  <datafield tag="952" ind1=" " ind2=" ">
    <subfield code="0">0</subfield>
    <subfield code="1">0</subfield>
    <subfield code="4">0</subfield>
    <subfield code="7">0</subfield>
    <subfield code="8">TXB</subfield>
    <subfield code="a">CURAJ</subfield>
    <subfield code="b">CURAJ</subfield>
    <subfield code="d">2015-09-11</subfield>
    <subfield code="e">BTH</subfield>
    <subfield code="g">0.00</subfield>
    <subfield code="o">580.78 P19M</subfield>
    <subfield code="p">22869</subfield>
    <subfield code="r">2024-11-21</subfield>
    <subfield code="w">2020-09-02</subfield>
    <subfield code="y">BK</subfield>
  </datafield>
  <datafield tag="952" ind1=" " ind2=" ">
    <subfield code="0">0</subfield>
    <subfield code="1">0</subfield>
    <subfield code="4">0</subfield>
    <subfield code="7">0</subfield>
    <subfield code="8">TXB</subfield>
    <subfield code="a">CURAJ</subfield>
    <subfield code="b">CURAJ</subfield>
    <subfield code="d">2015-09-11</subfield>
    <subfield code="e">BTH</subfield>
    <subfield code="g">0.00</subfield>
    <subfield code="o">580.78 P19M</subfield>
    <subfield code="p">22868</subfield>
    <subfield code="r">2024-11-21</subfield>
    <subfield code="w">2020-09-02</subfield>
    <subfield code="y">BK</subfield>
  </datafield>
  <datafield tag="952" ind1=" " ind2=" ">
    <subfield code="0">0</subfield>
    <subfield code="1">0</subfield>
    <subfield code="4">0</subfield>
    <subfield code="5">1</subfield>
    <subfield code="7">1</subfield>
    <subfield code="8">RTB</subfield>
    <subfield code="a">CURAJ</subfield>
    <subfield code="b">CURAJ</subfield>
    <subfield code="d">2015-10-28</subfield>
    <subfield code="e">MCB</subfield>
    <subfield code="o">580.78 P19M</subfield>
    <subfield code="p">24565</subfield>
    <subfield code="r">2024-11-21</subfield>
    <subfield code="w">2020-09-02</subfield>
    <subfield code="y">BK</subfield>
  </datafield>
  <datafield tag="952" ind1=" " ind2=" ">
    <subfield code="0">0</subfield>
    <subfield code="1">0</subfield>
    <subfield code="4">0</subfield>
    <subfield code="7">0</subfield>
    <subfield code="8">TXB</subfield>
    <subfield code="a">CURAJ</subfield>
    <subfield code="b">CURAJ</subfield>
    <subfield code="d">2015-10-28</subfield>
    <subfield code="e">MCB</subfield>
    <subfield code="o">580.78 P19M</subfield>
    <subfield code="p">24566</subfield>
    <subfield code="r">2024-11-21</subfield>
    <subfield code="w">2020-09-02</subfield>
    <subfield code="y">BK</subfield>
  </datafield>
  <datafield tag="952" ind1=" " ind2=" ">
    <subfield code="0">0</subfield>
    <subfield code="1">0</subfield>
    <subfield code="4">0</subfield>
    <subfield code="5">1</subfield>
    <subfield code="7">1</subfield>
    <subfield code="8">RTB</subfield>
    <subfield code="a">CURAJ</subfield>
    <subfield code="b">CURAJ</subfield>
    <subfield code="d">2015-10-28</subfield>
    <subfield code="e">BTH</subfield>
    <subfield code="o">580.78 P19M</subfield>
    <subfield code="p">22861</subfield>
    <subfield code="r">2024-11-21</subfield>
    <subfield code="w">2020-09-02</subfield>
    <subfield code="y">BK</subfield>
  </datafield>
  <datafield tag="952" ind1=" " ind2=" ">
    <subfield code="0">0</subfield>
    <subfield code="1">0</subfield>
    <subfield code="4">0</subfield>
    <subfield code="7">0</subfield>
    <subfield code="8">TXB</subfield>
    <subfield code="a">CURAJ</subfield>
    <subfield code="b">CURAJ</subfield>
    <subfield code="d">2015-10-28</subfield>
    <subfield code="e">MCB</subfield>
    <subfield code="o">580.78 P19M</subfield>
    <subfield code="p">24563</subfield>
    <subfield code="r">2024-11-21</subfield>
    <subfield code="w">2020-09-02</subfield>
    <subfield code="y">BK</subfield>
  </datafield>
  <datafield tag="952" ind1=" " ind2=" ">
    <subfield code="0">0</subfield>
    <subfield code="1">0</subfield>
    <subfield code="4">0</subfield>
    <subfield code="7">0</subfield>
    <subfield code="8">TXB</subfield>
    <subfield code="a">CURAJ</subfield>
    <subfield code="b">CURAJ</subfield>
    <subfield code="d">2015-10-28</subfield>
    <subfield code="e">BTH</subfield>
    <subfield code="o">580.78 P19M</subfield>
    <subfield code="p">22860</subfield>
    <subfield code="r">2024-11-21</subfield>
    <subfield code="w">2020-09-02</subfield>
    <subfield code="y">BK</subfield>
  </datafield>
  <datafield tag="952" ind1=" " ind2=" ">
    <subfield code="0">0</subfield>
    <subfield code="1">0</subfield>
    <subfield code="4">0</subfield>
    <subfield code="7">0</subfield>
    <subfield code="8">TXB</subfield>
    <subfield code="a">CURAJ</subfield>
    <subfield code="b">CURAJ</subfield>
    <subfield code="d">2015-10-28</subfield>
    <subfield code="e">MCB</subfield>
    <subfield code="o">580.78 P19M</subfield>
    <subfield code="p">24564</subfield>
    <subfield code="r">2024-11-21</subfield>
    <subfield code="w">2020-09-02</subfield>
    <subfield code="y">BK</subfield>
  </datafield>
  <datafield tag="952" ind1=" " ind2=" ">
    <subfield code="0">0</subfield>
    <subfield code="1">0</subfield>
    <subfield code="4">0</subfield>
    <subfield code="7">0</subfield>
    <subfield code="8">TXB</subfield>
    <subfield code="a">CURAJ</subfield>
    <subfield code="b">CURAJ</subfield>
    <subfield code="d">2015-09-11</subfield>
    <subfield code="e">BTH</subfield>
    <subfield code="g">0.00</subfield>
    <subfield code="o">580.78 P19M</subfield>
    <subfield code="p">22863</subfield>
    <subfield code="r">2024-11-21</subfield>
    <subfield code="w">2020-09-02</subfield>
    <subfield code="y">BK</subfield>
  </datafield>
  <datafield tag="952" ind1=" " ind2=" ">
    <subfield code="0">0</subfield>
    <subfield code="1">0</subfield>
    <subfield code="4">0</subfield>
    <subfield code="7">0</subfield>
    <subfield code="8">TXB</subfield>
    <subfield code="a">CURAJ</subfield>
    <subfield code="b">CURAJ</subfield>
    <subfield code="d">2015-10-28</subfield>
    <subfield code="e">MCB</subfield>
    <subfield code="o">580.78 P19M</subfield>
    <subfield code="p">24569</subfield>
    <subfield code="r">2024-11-21</subfield>
    <subfield code="w">2020-09-02</subfield>
    <subfield code="y">BK</subfield>
  </datafield>
  <datafield tag="952" ind1=" " ind2=" ">
    <subfield code="0">0</subfield>
    <subfield code="1">0</subfield>
    <subfield code="4">0</subfield>
    <subfield code="7">0</subfield>
    <subfield code="8">TXB</subfield>
    <subfield code="a">CURAJ</subfield>
    <subfield code="b">CURAJ</subfield>
    <subfield code="d">2015-09-11</subfield>
    <subfield code="e">BTH</subfield>
    <subfield code="g">0.00</subfield>
    <subfield code="o">580.78 P19M</subfield>
    <subfield code="p">22862</subfield>
    <subfield code="r">2024-11-21</subfield>
    <subfield code="w">2020-09-02</subfield>
    <subfield code="y">BK</subfield>
  </datafield>
  <datafield tag="952" ind1=" " ind2=" ">
    <subfield code="0">0</subfield>
    <subfield code="1">0</subfield>
    <subfield code="4">0</subfield>
    <subfield code="7">0</subfield>
    <subfield code="8">TXB</subfield>
    <subfield code="a">CURAJ</subfield>
    <subfield code="b">CURAJ</subfield>
    <subfield code="d">2015-09-11</subfield>
    <subfield code="e">BTH</subfield>
    <subfield code="g">0.00</subfield>
    <subfield code="o">580.78 P19M</subfield>
    <subfield code="p">22865</subfield>
    <subfield code="r">2024-11-21</subfield>
    <subfield code="w">2020-09-02</subfield>
    <subfield code="y">BK</subfield>
  </datafield>
  <datafield tag="952" ind1=" " ind2=" ">
    <subfield code="0">0</subfield>
    <subfield code="1">0</subfield>
    <subfield code="4">0</subfield>
    <subfield code="7">0</subfield>
    <subfield code="8">TXB</subfield>
    <subfield code="a">CURAJ</subfield>
    <subfield code="b">CURAJ</subfield>
    <subfield code="d">2015-10-28</subfield>
    <subfield code="e">MCB</subfield>
    <subfield code="o">580.78 P19M</subfield>
    <subfield code="p">24567</subfield>
    <subfield code="r">2024-11-21</subfield>
    <subfield code="w">2020-09-02</subfield>
    <subfield code="y">BK</subfield>
  </datafield>
  <datafield tag="952" ind1=" " ind2=" ">
    <subfield code="0">0</subfield>
    <subfield code="1">0</subfield>
    <subfield code="4">0</subfield>
    <subfield code="7">0</subfield>
    <subfield code="8">TXB</subfield>
    <subfield code="a">CURAJ</subfield>
    <subfield code="b">CURAJ</subfield>
    <subfield code="d">2015-09-11</subfield>
    <subfield code="e">BTH</subfield>
    <subfield code="g">0.00</subfield>
    <subfield code="o">580.78 P19M</subfield>
    <subfield code="p">22864</subfield>
    <subfield code="r">2024-11-21</subfield>
    <subfield code="w">2020-09-02</subfield>
    <subfield code="y">BK</subfield>
  </datafield>
  <datafield tag="952" ind1=" " ind2=" ">
    <subfield code="0">0</subfield>
    <subfield code="1">0</subfield>
    <subfield code="4">0</subfield>
    <subfield code="7">0</subfield>
    <subfield code="8">TXB</subfield>
    <subfield code="a">CURAJ</subfield>
    <subfield code="b">CURAJ</subfield>
    <subfield code="d">2015-10-28</subfield>
    <subfield code="e">MCB</subfield>
    <subfield code="o">580.78 P19M</subfield>
    <subfield code="p">24568</subfield>
    <subfield code="r">2024-11-21</subfield>
    <subfield code="w">2020-09-02</subfield>
    <subfield code="y">BK</subfield>
  </datafield>
  <datafield tag="952" ind1=" " ind2=" ">
    <subfield code="0">0</subfield>
    <subfield code="1">0</subfield>
    <subfield code="4">0</subfield>
    <subfield code="7">0</subfield>
    <subfield code="8">TXB</subfield>
    <subfield code="a">CURAJ</subfield>
    <subfield code="b">CURAJ</subfield>
    <subfield code="d">2015-09-11</subfield>
    <subfield code="e">BTH</subfield>
    <subfield code="g">0.00</subfield>
    <subfield code="o">580.78 P19M</subfield>
    <subfield code="p">22878</subfield>
    <subfield code="r">2024-11-21</subfield>
    <subfield code="w">2020-09-02</subfield>
    <subfield code="y">BK</subfield>
  </datafield>
  <datafield tag="952" ind1=" " ind2=" ">
    <subfield code="0">0</subfield>
    <subfield code="1">0</subfield>
    <subfield code="4">0</subfield>
    <subfield code="7">0</subfield>
    <subfield code="8">TXB</subfield>
    <subfield code="a">CURAJ</subfield>
    <subfield code="b">CURAJ</subfield>
    <subfield code="d">2015-09-11</subfield>
    <subfield code="e">BTH</subfield>
    <subfield code="g">0.00</subfield>
    <subfield code="o">580.78 P19M</subfield>
    <subfield code="p">22877</subfield>
    <subfield code="r">2024-11-21</subfield>
    <subfield code="w">2020-09-02</subfield>
    <subfield code="y">BK</subfield>
  </datafield>
  <datafield tag="952" ind1=" " ind2=" ">
    <subfield code="0">0</subfield>
    <subfield code="1">0</subfield>
    <subfield code="4">0</subfield>
    <subfield code="7">0</subfield>
    <subfield code="8">TXB</subfield>
    <subfield code="a">CURAJ</subfield>
    <subfield code="b">CURAJ</subfield>
    <subfield code="d">2015-09-11</subfield>
    <subfield code="e">BTH</subfield>
    <subfield code="g">0.00</subfield>
    <subfield code="o">580.78 P19M</subfield>
    <subfield code="p">22879</subfield>
    <subfield code="r">2024-11-21</subfield>
    <subfield code="w">2020-09-02</subfield>
    <subfield code="y">BK</subfield>
  </datafield>
  <datafield tag="952" ind1=" " ind2=" ">
    <subfield code="0">0</subfield>
    <subfield code="1">0</subfield>
    <subfield code="4">0</subfield>
    <subfield code="7">0</subfield>
    <subfield code="8">TXB</subfield>
    <subfield code="a">CURAJ</subfield>
    <subfield code="b">CURAJ</subfield>
    <subfield code="d">2015-09-11</subfield>
    <subfield code="e">BTH</subfield>
    <subfield code="g">0.00</subfield>
    <subfield code="o">580.78 P19M</subfield>
    <subfield code="p">22870</subfield>
    <subfield code="r">2024-11-21</subfield>
    <subfield code="w">2020-09-02</subfield>
    <subfield code="y">BK</subfield>
  </datafield>
  <datafield tag="952" ind1=" " ind2=" ">
    <subfield code="0">0</subfield>
    <subfield code="1">0</subfield>
    <subfield code="4">0</subfield>
    <subfield code="7">0</subfield>
    <subfield code="8">TXB</subfield>
    <subfield code="a">CURAJ</subfield>
    <subfield code="b">CURAJ</subfield>
    <subfield code="d">2015-09-11</subfield>
    <subfield code="e">BTH</subfield>
    <subfield code="g">0.00</subfield>
    <subfield code="o">580.78 P19M</subfield>
    <subfield code="p">22872</subfield>
    <subfield code="r">2024-11-21</subfield>
    <subfield code="w">2020-09-02</subfield>
    <subfield code="y">BK</subfield>
  </datafield>
  <datafield tag="952" ind1=" " ind2=" ">
    <subfield code="0">0</subfield>
    <subfield code="1">0</subfield>
    <subfield code="4">0</subfield>
    <subfield code="5">1</subfield>
    <subfield code="7">1</subfield>
    <subfield code="8">RTB</subfield>
    <subfield code="a">CURAJ</subfield>
    <subfield code="b">CURAJ</subfield>
    <subfield code="d">2015-09-11</subfield>
    <subfield code="e">BTH</subfield>
    <subfield code="g">0.00</subfield>
    <subfield code="o">580.78 P19M</subfield>
    <subfield code="p">22871</subfield>
    <subfield code="r">2024-11-21</subfield>
    <subfield code="w">2020-09-02</subfield>
    <subfield code="y">BK</subfield>
  </datafield>
  <datafield tag="952" ind1=" " ind2=" ">
    <subfield code="0">0</subfield>
    <subfield code="1">0</subfield>
    <subfield code="4">0</subfield>
    <subfield code="7">0</subfield>
    <subfield code="8">TXB</subfield>
    <subfield code="a">CURAJ</subfield>
    <subfield code="b">CURAJ</subfield>
    <subfield code="d">2015-09-11</subfield>
    <subfield code="e">BTH</subfield>
    <subfield code="g">0.00</subfield>
    <subfield code="o">580.78 P19M</subfield>
    <subfield code="p">22874</subfield>
    <subfield code="r">2024-11-21</subfield>
    <subfield code="w">2020-09-02</subfield>
    <subfield code="y">BK</subfield>
  </datafield>
  <datafield tag="952" ind1=" " ind2=" ">
    <subfield code="0">0</subfield>
    <subfield code="1">0</subfield>
    <subfield code="4">0</subfield>
    <subfield code="7">0</subfield>
    <subfield code="8">TXB</subfield>
    <subfield code="a">CURAJ</subfield>
    <subfield code="b">CURAJ</subfield>
    <subfield code="d">2015-09-11</subfield>
    <subfield code="e">BTH</subfield>
    <subfield code="g">0.00</subfield>
    <subfield code="o">580.78 P19M</subfield>
    <subfield code="p">22873</subfield>
    <subfield code="r">2024-11-21</subfield>
    <subfield code="w">2020-09-02</subfield>
    <subfield code="y">BK</subfield>
  </datafield>
  <datafield tag="952" ind1=" " ind2=" ">
    <subfield code="0">0</subfield>
    <subfield code="1">0</subfield>
    <subfield code="4">0</subfield>
    <subfield code="5">1</subfield>
    <subfield code="7">1</subfield>
    <subfield code="8">RTB</subfield>
    <subfield code="a">CURAJ</subfield>
    <subfield code="b">CURAJ</subfield>
    <subfield code="d">2015-09-11</subfield>
    <subfield code="e">BTH</subfield>
    <subfield code="g">0.00</subfield>
    <subfield code="o">580.78 P19M</subfield>
    <subfield code="p">22876</subfield>
    <subfield code="r">2024-11-21</subfield>
    <subfield code="w">2020-09-02</subfield>
    <subfield code="y">BK</subfield>
  </datafield>
  <datafield tag="952" ind1=" " ind2=" ">
    <subfield code="0">0</subfield>
    <subfield code="1">0</subfield>
    <subfield code="4">0</subfield>
    <subfield code="7">0</subfield>
    <subfield code="8">TXB</subfield>
    <subfield code="a">CURAJ</subfield>
    <subfield code="b">CURAJ</subfield>
    <subfield code="d">2015-09-11</subfield>
    <subfield code="e">BTH</subfield>
    <subfield code="g">0.00</subfield>
    <subfield code="o">580.78 P19M</subfield>
    <subfield code="p">22875</subfield>
    <subfield code="r">2024-11-21</subfield>
    <subfield code="w">2020-09-02</subfield>
    <subfield code="y">BK</subfield>
  </datafield>
  <datafield tag="952" ind1=" " ind2=" ">
    <subfield code="0">0</subfield>
    <subfield code="1">0</subfield>
    <subfield code="4">0</subfield>
    <subfield code="7">0</subfield>
    <subfield code="8">TXB</subfield>
    <subfield code="a">CURAJ</subfield>
    <subfield code="b">CURAJ</subfield>
    <subfield code="d">2015-09-11</subfield>
    <subfield code="e">BTH</subfield>
    <subfield code="g">0.00</subfield>
    <subfield code="o">580.78 P19M</subfield>
    <subfield code="p">22847</subfield>
    <subfield code="r">2024-11-21</subfield>
    <subfield code="w">2020-09-02</subfield>
    <subfield code="y">BK</subfield>
  </datafield>
  <datafield tag="952" ind1=" " ind2=" ">
    <subfield code="0">0</subfield>
    <subfield code="1">0</subfield>
    <subfield code="4">0</subfield>
    <subfield code="7">0</subfield>
    <subfield code="8">TXB</subfield>
    <subfield code="a">CURAJ</subfield>
    <subfield code="b">CURAJ</subfield>
    <subfield code="d">2015-09-11</subfield>
    <subfield code="e">BTH</subfield>
    <subfield code="g">0.00</subfield>
    <subfield code="o">580.78 P19M</subfield>
    <subfield code="p">22849</subfield>
    <subfield code="r">2024-11-21</subfield>
    <subfield code="w">2020-09-02</subfield>
    <subfield code="y">BK</subfield>
  </datafield>
  <datafield tag="952" ind1=" " ind2=" ">
    <subfield code="0">0</subfield>
    <subfield code="1">0</subfield>
    <subfield code="4">0</subfield>
    <subfield code="7">0</subfield>
    <subfield code="8">TXB</subfield>
    <subfield code="a">CURAJ</subfield>
    <subfield code="b">CURAJ</subfield>
    <subfield code="d">2015-09-11</subfield>
    <subfield code="e">BTH</subfield>
    <subfield code="g">0.00</subfield>
    <subfield code="o">580.78 P19M</subfield>
    <subfield code="p">22848</subfield>
    <subfield code="r">2024-11-21</subfield>
    <subfield code="w">2020-09-02</subfield>
    <subfield code="y">BK</subfield>
  </datafield>
  <datafield tag="952" ind1=" " ind2=" ">
    <subfield code="0">0</subfield>
    <subfield code="1">0</subfield>
    <subfield code="4">0</subfield>
    <subfield code="5">1</subfield>
    <subfield code="7">1</subfield>
    <subfield code="8">RTB</subfield>
    <subfield code="a">CURAJ</subfield>
    <subfield code="b">CURAJ</subfield>
    <subfield code="d">2015-09-11</subfield>
    <subfield code="e">BTH</subfield>
    <subfield code="g">0.00</subfield>
    <subfield code="o">580.78 P19M</subfield>
    <subfield code="p">22881</subfield>
    <subfield code="r">2024-11-21</subfield>
    <subfield code="w">2020-09-02</subfield>
    <subfield code="y">BK</subfield>
  </datafield>
  <datafield tag="952" ind1=" " ind2=" ">
    <subfield code="0">0</subfield>
    <subfield code="1">0</subfield>
    <subfield code="4">0</subfield>
    <subfield code="7">0</subfield>
    <subfield code="8">TXB</subfield>
    <subfield code="a">CURAJ</subfield>
    <subfield code="b">CURAJ</subfield>
    <subfield code="d">2015-09-11</subfield>
    <subfield code="e">BTH</subfield>
    <subfield code="g">0.00</subfield>
    <subfield code="o">580.78 P19M</subfield>
    <subfield code="p">22880</subfield>
    <subfield code="r">2024-11-21</subfield>
    <subfield code="w">2020-09-02</subfield>
    <subfield code="y">BK</subfield>
  </datafield>
  <datafield tag="952" ind1=" " ind2=" ">
    <subfield code="0">0</subfield>
    <subfield code="1">0</subfield>
    <subfield code="4">0</subfield>
    <subfield code="7">0</subfield>
    <subfield code="8">TXB</subfield>
    <subfield code="a">CURAJ</subfield>
    <subfield code="b">CURAJ</subfield>
    <subfield code="d">2015-09-11</subfield>
    <subfield code="e">BTH</subfield>
    <subfield code="g">0.00</subfield>
    <subfield code="o">580.78 P19M</subfield>
    <subfield code="p">22883</subfield>
    <subfield code="r">2024-11-21</subfield>
    <subfield code="w">2020-09-02</subfield>
    <subfield code="y">BK</subfield>
  </datafield>
  <datafield tag="952" ind1=" " ind2=" ">
    <subfield code="0">0</subfield>
    <subfield code="1">0</subfield>
    <subfield code="4">0</subfield>
    <subfield code="7">0</subfield>
    <subfield code="8">TXB</subfield>
    <subfield code="a">CURAJ</subfield>
    <subfield code="b">CURAJ</subfield>
    <subfield code="d">2015-09-11</subfield>
    <subfield code="e">BTH</subfield>
    <subfield code="g">0.00</subfield>
    <subfield code="o">580.78 P19M</subfield>
    <subfield code="p">22882</subfield>
    <subfield code="r">2024-11-21</subfield>
    <subfield code="w">2020-09-02</subfield>
    <subfield code="y">BK</subfield>
  </datafield>
  <datafield tag="952" ind1=" " ind2=" ">
    <subfield code="0">0</subfield>
    <subfield code="1">0</subfield>
    <subfield code="4">0</subfield>
    <subfield code="7">0</subfield>
    <subfield code="8">TXB</subfield>
    <subfield code="a">CURAJ</subfield>
    <subfield code="b">CURAJ</subfield>
    <subfield code="d">2015-09-11</subfield>
    <subfield code="e">BTH</subfield>
    <subfield code="g">0.00</subfield>
    <subfield code="o">580.78 P19M</subfield>
    <subfield code="p">22885</subfield>
    <subfield code="r">2024-11-21</subfield>
    <subfield code="w">2020-09-02</subfield>
    <subfield code="y">BK</subfield>
  </datafield>
  <datafield tag="952" ind1=" " ind2=" ">
    <subfield code="0">0</subfield>
    <subfield code="1">0</subfield>
    <subfield code="4">0</subfield>
    <subfield code="7">0</subfield>
    <subfield code="8">TXB</subfield>
    <subfield code="a">CURAJ</subfield>
    <subfield code="b">CURAJ</subfield>
    <subfield code="d">2015-09-11</subfield>
    <subfield code="e">BTH</subfield>
    <subfield code="g">0.00</subfield>
    <subfield code="o">580.78 P19M</subfield>
    <subfield code="p">22884</subfield>
    <subfield code="r">2024-11-21</subfield>
    <subfield code="w">2020-09-02</subfield>
    <subfield code="y">BK</subfield>
  </datafield>
  <datafield tag="952" ind1=" " ind2=" ">
    <subfield code="0">0</subfield>
    <subfield code="1">0</subfield>
    <subfield code="4">0</subfield>
    <subfield code="5">1</subfield>
    <subfield code="7">1</subfield>
    <subfield code="8">RTB</subfield>
    <subfield code="a">CURAJ</subfield>
    <subfield code="b">CURAJ</subfield>
    <subfield code="d">2015-09-11</subfield>
    <subfield code="e">BTH</subfield>
    <subfield code="g">0.00</subfield>
    <subfield code="o">580.78 P19M</subfield>
    <subfield code="p">22886</subfield>
    <subfield code="r">2024-11-21</subfield>
    <subfield code="w">2020-09-02</subfield>
    <subfield code="y">BK</subfield>
  </datafield>
  <datafield tag="952" ind1=" " ind2=" ">
    <subfield code="0">0</subfield>
    <subfield code="1">0</subfield>
    <subfield code="4">0</subfield>
    <subfield code="5">1</subfield>
    <subfield code="7">1</subfield>
    <subfield code="8">RTB</subfield>
    <subfield code="a">CURAJ</subfield>
    <subfield code="b">CURAJ</subfield>
    <subfield code="d">2015-09-11</subfield>
    <subfield code="e">BTH</subfield>
    <subfield code="g">0.00</subfield>
    <subfield code="o">580.78 P19M</subfield>
    <subfield code="p">22856</subfield>
    <subfield code="r">2024-11-21</subfield>
    <subfield code="w">2020-09-02</subfield>
    <subfield code="y">BK</subfield>
  </datafield>
  <datafield tag="952" ind1=" " ind2=" ">
    <subfield code="0">0</subfield>
    <subfield code="1">0</subfield>
    <subfield code="4">0</subfield>
    <subfield code="7">0</subfield>
    <subfield code="8">TXB</subfield>
    <subfield code="a">CURAJ</subfield>
    <subfield code="b">CURAJ</subfield>
    <subfield code="d">2015-09-11</subfield>
    <subfield code="e">BTH</subfield>
    <subfield code="g">0.00</subfield>
    <subfield code="o">580.78 P19M</subfield>
    <subfield code="p">22855</subfield>
    <subfield code="r">2024-11-21</subfield>
    <subfield code="w">2020-09-02</subfield>
    <subfield code="y">BK</subfield>
  </datafield>
  <datafield tag="952" ind1=" " ind2=" ">
    <subfield code="0">0</subfield>
    <subfield code="1">0</subfield>
    <subfield code="4">0</subfield>
    <subfield code="7">0</subfield>
    <subfield code="8">TXB</subfield>
    <subfield code="a">CURAJ</subfield>
    <subfield code="b">CURAJ</subfield>
    <subfield code="d">2015-10-28</subfield>
    <subfield code="e">BTH</subfield>
    <subfield code="o">580.78 P19M</subfield>
    <subfield code="p">22858</subfield>
    <subfield code="r">2024-11-21</subfield>
    <subfield code="w">2020-09-02</subfield>
    <subfield code="y">BK</subfield>
  </datafield>
  <datafield tag="952" ind1=" " ind2=" ">
    <subfield code="0">0</subfield>
    <subfield code="1">0</subfield>
    <subfield code="4">0</subfield>
    <subfield code="7">0</subfield>
    <subfield code="8">TXB</subfield>
    <subfield code="a">CURAJ</subfield>
    <subfield code="b">CURAJ</subfield>
    <subfield code="d">2015-10-28</subfield>
    <subfield code="e">BTH</subfield>
    <subfield code="o">580.78 P19M</subfield>
    <subfield code="p">22857</subfield>
    <subfield code="r">2024-11-21</subfield>
    <subfield code="w">2020-09-02</subfield>
    <subfield code="y">BK</subfield>
  </datafield>
  <datafield tag="952" ind1=" " ind2=" ">
    <subfield code="0">0</subfield>
    <subfield code="1">0</subfield>
    <subfield code="4">0</subfield>
    <subfield code="7">0</subfield>
    <subfield code="8">TXB</subfield>
    <subfield code="a">CURAJ</subfield>
    <subfield code="b">CURAJ</subfield>
    <subfield code="d">2015-10-28</subfield>
    <subfield code="e">BTH</subfield>
    <subfield code="o">580.78 P19M</subfield>
    <subfield code="p">22859</subfield>
    <subfield code="r">2024-11-21</subfield>
    <subfield code="w">2020-09-02</subfield>
    <subfield code="y">BK</subfield>
  </datafield>
  <datafield tag="952" ind1=" " ind2=" ">
    <subfield code="0">0</subfield>
    <subfield code="1">0</subfield>
    <subfield code="4">0</subfield>
    <subfield code="7">0</subfield>
    <subfield code="8">TXB</subfield>
    <subfield code="a">CURAJ</subfield>
    <subfield code="b">CURAJ</subfield>
    <subfield code="d">2015-09-11</subfield>
    <subfield code="e">BTH</subfield>
    <subfield code="g">0.00</subfield>
    <subfield code="o">580.78 P19M</subfield>
    <subfield code="p">22850</subfield>
    <subfield code="r">2024-11-21</subfield>
    <subfield code="w">2020-09-02</subfield>
    <subfield code="y">BK</subfield>
  </datafield>
  <datafield tag="952" ind1=" " ind2=" ">
    <subfield code="0">0</subfield>
    <subfield code="1">0</subfield>
    <subfield code="4">0</subfield>
    <subfield code="7">0</subfield>
    <subfield code="8">TXB</subfield>
    <subfield code="a">CURAJ</subfield>
    <subfield code="b">CURAJ</subfield>
    <subfield code="d">2015-09-11</subfield>
    <subfield code="e">BTH</subfield>
    <subfield code="g">0.00</subfield>
    <subfield code="o">580.78 P19M</subfield>
    <subfield code="p">22852</subfield>
    <subfield code="r">2024-11-21</subfield>
    <subfield code="w">2020-09-02</subfield>
    <subfield code="y">BK</subfield>
  </datafield>
  <datafield tag="952" ind1=" " ind2=" ">
    <subfield code="0">0</subfield>
    <subfield code="1">0</subfield>
    <subfield code="4">0</subfield>
    <subfield code="5">1</subfield>
    <subfield code="7">1</subfield>
    <subfield code="8">RTB</subfield>
    <subfield code="a">CURAJ</subfield>
    <subfield code="b">CURAJ</subfield>
    <subfield code="d">2015-09-11</subfield>
    <subfield code="e">BTH</subfield>
    <subfield code="g">0.00</subfield>
    <subfield code="o">580.78 P19M</subfield>
    <subfield code="p">22851</subfield>
    <subfield code="r">2024-11-21</subfield>
    <subfield code="w">2020-09-02</subfield>
    <subfield code="y">BK</subfield>
  </datafield>
  <datafield tag="952" ind1=" " ind2=" ">
    <subfield code="0">0</subfield>
    <subfield code="1">0</subfield>
    <subfield code="4">0</subfield>
    <subfield code="7">0</subfield>
    <subfield code="8">TXB</subfield>
    <subfield code="a">CURAJ</subfield>
    <subfield code="b">CURAJ</subfield>
    <subfield code="d">2015-09-11</subfield>
    <subfield code="e">BTH</subfield>
    <subfield code="g">0.00</subfield>
    <subfield code="o">580.78 P19M</subfield>
    <subfield code="p">22854</subfield>
    <subfield code="r">2024-11-21</subfield>
    <subfield code="w">2020-09-02</subfield>
    <subfield code="y">BK</subfield>
  </datafield>
  <datafield tag="952" ind1=" " ind2=" ">
    <subfield code="0">0</subfield>
    <subfield code="1">0</subfield>
    <subfield code="4">0</subfield>
    <subfield code="7">0</subfield>
    <subfield code="8">TXB</subfield>
    <subfield code="a">CURAJ</subfield>
    <subfield code="b">CURAJ</subfield>
    <subfield code="d">2015-09-11</subfield>
    <subfield code="e">BTH</subfield>
    <subfield code="g">0.00</subfield>
    <subfield code="o">580.78 P19M</subfield>
    <subfield code="p">22853</subfield>
    <subfield code="r">2024-11-21</subfield>
    <subfield code="w">2020-09-02</subfield>
    <subfield code="y">BK</subfield>
  </datafield>
  <datafield tag="952" ind1=" " ind2=" ">
    <subfield code="0">0</subfield>
    <subfield code="1">0</subfield>
    <subfield code="2">ddc</subfield>
    <subfield code="4">0</subfield>
    <subfield code="7">0</subfield>
    <subfield code="8">TXB</subfield>
    <subfield code="a">CURAJ</subfield>
    <subfield code="b">CURAJ</subfield>
    <subfield code="d">2015-09-11</subfield>
    <subfield code="e">MCB</subfield>
    <subfield code="g">0.00</subfield>
    <subfield code="o">580.78 P19M</subfield>
    <subfield code="p">24711</subfield>
    <subfield code="r">2024-11-21</subfield>
    <subfield code="w">2020-09-02</subfield>
    <subfield code="y">BK</subfield>
  </datafield>
  <datafield tag="952" ind1=" " ind2=" ">
    <subfield code="0">0</subfield>
    <subfield code="1">0</subfield>
    <subfield code="4">0</subfield>
    <subfield code="7">0</subfield>
    <subfield code="8">TXB</subfield>
    <subfield code="a">CURAJ</subfield>
    <subfield code="b">CURAJ</subfield>
    <subfield code="d">2015-10-28</subfield>
    <subfield code="e">MCB</subfield>
    <subfield code="l">1</subfield>
    <subfield code="o">580.78 P19M</subfield>
    <subfield code="p">24561</subfield>
    <subfield code="r">2024-11-21</subfield>
    <subfield code="s">2024-05-06</subfield>
    <subfield code="w">2020-09-02</subfield>
    <subfield code="y">BK</subfield>
  </datafield>
  <datafield tag="952" ind1=" " ind2=" ">
    <subfield code="0">0</subfield>
    <subfield code="1">0</subfield>
    <subfield code="4">0</subfield>
    <subfield code="7">0</subfield>
    <subfield code="8">TXB</subfield>
    <subfield code="a">CURAJ</subfield>
    <subfield code="b">CURAJ</subfield>
    <subfield code="d">2015-10-28</subfield>
    <subfield code="e">MCB</subfield>
    <subfield code="o">580.78 P19M</subfield>
    <subfield code="p">24562</subfield>
    <subfield code="r">2024-11-21</subfield>
    <subfield code="w">2020-09-02</subfield>
    <subfield code="y">BK</subfield>
  </datafield>
  <datafield tag="952" ind1=" " ind2=" ">
    <subfield code="0">0</subfield>
    <subfield code="1">0</subfield>
    <subfield code="2">ddc</subfield>
    <subfield code="4">0</subfield>
    <subfield code="7">0</subfield>
    <subfield code="8">TXB</subfield>
    <subfield code="a">CURAJ</subfield>
    <subfield code="b">CURAJ</subfield>
    <subfield code="d">2021-12-14</subfield>
    <subfield code="e">MCB</subfield>
    <subfield code="l">0</subfield>
    <subfield code="o">580.78 P19M</subfield>
    <subfield code="p">24570</subfield>
    <subfield code="r">2024-11-21</subfield>
    <subfield code="w">2021-12-14</subfield>
    <subfield code="y">BK</subfield>
  </datafield>
  <datafield tag="952" ind1=" " ind2=" ">
    <subfield code="0">0</subfield>
    <subfield code="1">0</subfield>
    <subfield code="2">ddc</subfield>
    <subfield code="4">0</subfield>
    <subfield code="7">0</subfield>
    <subfield code="8">TXB</subfield>
    <subfield code="a">CURAJ</subfield>
    <subfield code="b">CURAJ</subfield>
    <subfield code="d">2021-12-14</subfield>
    <subfield code="e">MCB</subfield>
    <subfield code="l">0</subfield>
    <subfield code="o">580.78 P19M</subfield>
    <subfield code="p">24571</subfield>
    <subfield code="r">2024-11-21</subfield>
    <subfield code="w">2021-12-14</subfield>
    <subfield code="y">BK</subfield>
  </datafield>
  <datafield tag="952" ind1=" " ind2=" ">
    <subfield code="0">0</subfield>
    <subfield code="1">0</subfield>
    <subfield code="2">ddc</subfield>
    <subfield code="4">0</subfield>
    <subfield code="7">0</subfield>
    <subfield code="8">TXB</subfield>
    <subfield code="a">CURAJ</subfield>
    <subfield code="b">CURAJ</subfield>
    <subfield code="d">2021-12-14</subfield>
    <subfield code="e">MCB</subfield>
    <subfield code="l">1</subfield>
    <subfield code="o">580.78 P19M</subfield>
    <subfield code="p">24572</subfield>
    <subfield code="r">2024-11-21</subfield>
    <subfield code="s">2024-09-19</subfield>
    <subfield code="w">2021-12-14</subfield>
    <subfield code="y">BK</subfield>
  </datafield>
  <datafield tag="952" ind1=" " ind2=" ">
    <subfield code="0">0</subfield>
    <subfield code="1">0</subfield>
    <subfield code="2">ddc</subfield>
    <subfield code="4">0</subfield>
    <subfield code="7">0</subfield>
    <subfield code="8">TXB</subfield>
    <subfield code="a">CURAJ</subfield>
    <subfield code="b">CURAJ</subfield>
    <subfield code="d">2021-12-14</subfield>
    <subfield code="e">MCB</subfield>
    <subfield code="l">0</subfield>
    <subfield code="o">580.78 P19M</subfield>
    <subfield code="p">24573</subfield>
    <subfield code="r">2024-11-21</subfield>
    <subfield code="w">2021-12-14</subfield>
    <subfield code="y">BK</subfield>
  </datafield>
  <datafield tag="952" ind1=" " ind2=" ">
    <subfield code="0">0</subfield>
    <subfield code="1">0</subfield>
    <subfield code="2">ddc</subfield>
    <subfield code="4">0</subfield>
    <subfield code="5">1</subfield>
    <subfield code="7">1</subfield>
    <subfield code="8">RTB</subfield>
    <subfield code="a">CURAJ</subfield>
    <subfield code="b">CURAJ</subfield>
    <subfield code="d">2021-12-14</subfield>
    <subfield code="e">MCB</subfield>
    <subfield code="o">580.78 P19M</subfield>
    <subfield code="p">24574</subfield>
    <subfield code="r">2024-11-21</subfield>
    <subfield code="w">2021-12-14</subfield>
    <subfield code="y">BK</subfield>
  </datafield>
  <datafield tag="952" ind1=" " ind2=" ">
    <subfield code="0">0</subfield>
    <subfield code="1">0</subfield>
    <subfield code="2">ddc</subfield>
    <subfield code="4">0</subfield>
    <subfield code="7">0</subfield>
    <subfield code="8">TXB</subfield>
    <subfield code="a">CURAJ</subfield>
    <subfield code="b">CURAJ</subfield>
    <subfield code="d">2021-12-14</subfield>
    <subfield code="e">MCB</subfield>
    <subfield code="l">0</subfield>
    <subfield code="o">580.78 P19M</subfield>
    <subfield code="p">24575</subfield>
    <subfield code="r">2024-11-21</subfield>
    <subfield code="w">2021-12-14</subfield>
    <subfield code="y">BK</subfield>
  </datafield>
  <datafield tag="952" ind1=" " ind2=" ">
    <subfield code="0">0</subfield>
    <subfield code="1">0</subfield>
    <subfield code="2">ddc</subfield>
    <subfield code="4">0</subfield>
    <subfield code="7">0</subfield>
    <subfield code="8">TXB</subfield>
    <subfield code="a">CURAJ</subfield>
    <subfield code="b">CURAJ</subfield>
    <subfield code="d">2021-12-14</subfield>
    <subfield code="e">MCB</subfield>
    <subfield code="l">1</subfield>
    <subfield code="o">580.78 P19M</subfield>
    <subfield code="p">24576</subfield>
    <subfield code="r">2025-06-23</subfield>
    <subfield code="s">2024-08-01</subfield>
    <subfield code="w">2021-12-14</subfield>
    <subfield code="y">BK</subfield>
  </datafield>
  <datafield tag="952" ind1=" " ind2=" ">
    <subfield code="0">0</subfield>
    <subfield code="1">0</subfield>
    <subfield code="2">ddc</subfield>
    <subfield code="4">0</subfield>
    <subfield code="7">0</subfield>
    <subfield code="8">TXB</subfield>
    <subfield code="a">CURAJ</subfield>
    <subfield code="b">CURAJ</subfield>
    <subfield code="d">2021-12-14</subfield>
    <subfield code="e">MCB</subfield>
    <subfield code="l">1</subfield>
    <subfield code="o">580.78 P19M</subfield>
    <subfield code="p">24577</subfield>
    <subfield code="r">2024-11-21</subfield>
    <subfield code="s">2024-01-16</subfield>
    <subfield code="w">2021-12-14</subfield>
    <subfield code="y">BK</subfield>
  </datafield>
  <datafield tag="952" ind1=" " ind2=" ">
    <subfield code="0">0</subfield>
    <subfield code="1">0</subfield>
    <subfield code="2">ddc</subfield>
    <subfield code="4">0</subfield>
    <subfield code="7">0</subfield>
    <subfield code="8">TXB</subfield>
    <subfield code="a">CURAJ</subfield>
    <subfield code="b">CURAJ</subfield>
    <subfield code="d">2021-12-14</subfield>
    <subfield code="e">MCB</subfield>
    <subfield code="l">1</subfield>
    <subfield code="o">580.78 P19M</subfield>
    <subfield code="p">24578</subfield>
    <subfield code="r">2024-11-21</subfield>
    <subfield code="s">2024-10-14</subfield>
    <subfield code="w">2021-12-14</subfield>
    <subfield code="y">BK</subfield>
  </datafield>
  <datafield tag="952" ind1=" " ind2=" ">
    <subfield code="0">0</subfield>
    <subfield code="1">0</subfield>
    <subfield code="2">ddc</subfield>
    <subfield code="4">0</subfield>
    <subfield code="7">0</subfield>
    <subfield code="8">TXB</subfield>
    <subfield code="a">CURAJ</subfield>
    <subfield code="b">CURAJ</subfield>
    <subfield code="d">2021-12-14</subfield>
    <subfield code="e">MCB</subfield>
    <subfield code="l">0</subfield>
    <subfield code="o">580.78 P19M</subfield>
    <subfield code="p">24580</subfield>
    <subfield code="r">2024-11-21</subfield>
    <subfield code="w">2021-12-14</subfield>
    <subfield code="y">BK</subfield>
  </datafield>
  <datafield tag="952" ind1=" " ind2=" ">
    <subfield code="0">0</subfield>
    <subfield code="1">0</subfield>
    <subfield code="2">ddc</subfield>
    <subfield code="4">0</subfield>
    <subfield code="7">0</subfield>
    <subfield code="8">TXB</subfield>
    <subfield code="a">CURAJ</subfield>
    <subfield code="b">CURAJ</subfield>
    <subfield code="d">2021-12-14</subfield>
    <subfield code="e">MCB</subfield>
    <subfield code="l">0</subfield>
    <subfield code="o">580.78 P19M</subfield>
    <subfield code="p">24581</subfield>
    <subfield code="r">2024-11-21</subfield>
    <subfield code="w">2021-12-14</subfield>
    <subfield code="y">BK</subfield>
  </datafield>
  <datafield tag="952" ind1=" " ind2=" ">
    <subfield code="0">0</subfield>
    <subfield code="1">0</subfield>
    <subfield code="2">ddc</subfield>
    <subfield code="4">0</subfield>
    <subfield code="7">0</subfield>
    <subfield code="8">TXB</subfield>
    <subfield code="a">CURAJ</subfield>
    <subfield code="b">CURAJ</subfield>
    <subfield code="d">2021-12-14</subfield>
    <subfield code="e">MCB</subfield>
    <subfield code="l">0</subfield>
    <subfield code="o">580.78 P19M</subfield>
    <subfield code="p">24582</subfield>
    <subfield code="r">2024-11-21</subfield>
    <subfield code="w">2021-12-14</subfield>
    <subfield code="y">BK</subfield>
  </datafield>
  <datafield tag="952" ind1=" " ind2=" ">
    <subfield code="0">0</subfield>
    <subfield code="1">0</subfield>
    <subfield code="2">ddc</subfield>
    <subfield code="4">0</subfield>
    <subfield code="7">0</subfield>
    <subfield code="8">TXB</subfield>
    <subfield code="a">CURAJ</subfield>
    <subfield code="b">CURAJ</subfield>
    <subfield code="d">2021-12-14</subfield>
    <subfield code="e">MCB</subfield>
    <subfield code="l">0</subfield>
    <subfield code="o">580.78 P19M</subfield>
    <subfield code="p">24579</subfield>
    <subfield code="r">2024-11-21</subfield>
    <subfield code="w">2021-12-14</subfield>
    <subfield code="y">BK</subfield>
  </datafield>
</record>
